000 00603nam a2200253Ia 4500
008 190123s9999 xx 000 0 und d
020 _a9780531238233
050 _bG739 2008
100 _aGraham, Ian
245 0 _aMachines and inventions /
245 0 _cby ian Graham.
260 _aNew York, New York :
260 _bScholastic,
260 _c2008
300 _a32 pages :
300 _bcolored illustrations ;
300 _c27cm.
440 _aWow! World of wonder.
500 _a860L
650 _aInventions.
650 _aMachinery.
700 _aSeries.
700 _aTitle.
999 _c361116
_d361116